000 00282nam a22001337a 4500
008 170918b xxu||||| |||| 00| 0 eng d
020 _a9951413974
041 _aeng
080 _a7
100 _a44
101 _aART
245 _aRESCATE DEL ARTE
_cPERIA.L
942 _2udc
_cBK
999 _c28058
_d28058